آزاد کی کہانی خود آزاد کی زبانی / (Record no. 108424)

MARC details
000 -LEADER
fixed length control field 00825nam a22002537a 4500
005 - DATE AND TIME OF LATEST TRANSACTION
control field 20170123162340.0
010 ## - LIBRARY OF CONGRESS CONTROL NUMBER
LC control number 407863
020 ## - INTERNATIONAL STANDARD BOOK NUMBER
Terms of availability 00.00
035 ## - SYSTEM CONTROL NUMBER
System control number 407863
037 ## - SOURCE OF ACQUISITION
Source of stock number/acquisition Cen Lib/Ret
040 ## - CATALOGING SOURCE
Original cataloging agency DPL
Language of cataloging UR
082 ## - DEWEY DECIMAL CLASSIFICATION NUMBER
Classification number 921
Item number ا ب و
100 ## - MAIN ENTRY--PERSONAL NAME
Personal name ابل کلام آزاد
9 (RLIN) 126534
245 ## - TITLE STATEMENT
Title آزاد کی کہانی خود آزاد کی زبانی /
Statement of responsibility, etc ابل کلام آزاد
246 ## - VARYING FORM OF TITLE
Title proper/short title Azad ki kahani khud azad ki zabani /
Remainder of title by Abul Kalam Azad
260 ## - PUBLICATION, DISTRIBUTION, ETC. (IMPRINT)
Name of publisher, distributor, etc مقتبہ اشایت قران
Date of publication, distribution, etc 1965
Place of publication, distribution, etc دہلی
270 ## - ADDRESS
City دہلی
300 ## - PHYSICAL DESCRIPTION
Extent 400p.
Dimensions 18cm(Hb)
650 ## - SUBJECT ADDED ENTRY--TOPICAL TERM
Topical term or geographic name as entry element ادب -- اردو
9 (RLIN) 126535
650 ## - SUBJECT ADDED ENTRY--TOPICAL TERM
Topical term or geographic name as entry element اردوسوانے عمری
9 (RLIN) 108678
650 ## - SUBJECT ADDED ENTRY--TOPICAL TERM
Topical term or geographic name as entry element Literature -- Urdu
9 (RLIN) 126536
650 ## - SUBJECT ADDED ENTRY--TOPICAL TERM
Topical term or geographic name as entry element Urdu biography
9 (RLIN) 511
942 ## - ADDED ENTRY ELEMENTS (KOHA)
Source of classification or shelving scheme Dewey Decimal Classification
Koha item type Urdu Bks
Classification part 921
Call number suffix ا ب و
Holdings
Withdrawn status Lost status Damaged status Not for loan Home library Current library Date acquired Source of acquisition Cost, normal purchase price Total Checkouts Full call number Barcode Date last seen Copy number Cost, replacement price Price effective from Koha item type
        Central Library Central Library 20/01/2016 Cen Lib/Ret 0.00   921 ا ب و 407863 20/01/2016 1 0.00 20/01/2016 Urdu Bks

© Delhi Public Library
Hit Counter
free hit counter